Celebridades 2 - Statistics

Estatísticas Gerais
  • Esse quiz foi jogado 263 vezes
  • A pontuação média é 9 de 15
Estatísticas das Respostas
Imagem Resposta % Correto
Angelina Jolie
90%
Brad Pitt
88%
Steve Jobs
80%
Bill Gates
76%
Jennifer Lopez
67%
Britney Spears
66%
Robert Pattinson
63%
Daniel Radcliffe
56%
George Clooney
55%
Kristen Stewart
55%
Paris Hilton
52%
Ben Affleck
46%
Christina Aguilera
43%
Ice Cub
40%
Jessica Alba
33%
Nenhum quiz correspondente encontrado
Distribuição das Pontuações
Porcentagem de Pessoas com Cada Pontuação
Percentil de Números Respondidos
Sua Pontuação Histórica
Você não jogou esse quiz